00455 2200181 4500001002100000005001500021008004100036020002200077035001900099041000700118082000800125090001400133100002200147245002300169260003100192300003000223650002000253INLIS00000000000276320241224112610241224||||||||| | ||| |||| || |  a978-602-9225-26-6 0010-1224002763 aid0 a813 a813 SPR t0 aKristina Springer00aThe Espressologist aJakartabNoura Booksc2012 a20x13 cm, viii, 294 hlm.; 0aSastra -- Novel